000
00365nam a2200169Ia 4500
003
0STCL
008
150530s9999 xx 000 0 und d
040
_a
STCL
_c
STCL
100
_a
Aitken, A.C.
245
_a
Statistical mathematics
250
_a
Eighth
260
_c
1957
546
_a
English
942
_2
ddc
_c
BK
999
_c
28712
_d
28712
005
20220125170135.0